All Arctic Monkeys Songs - Statistics

General Stats
  • This quiz has been taken 86 times
  • The average score is 55 of 122
Answer Stats
Hint Answer % Correct
505
86%
AM Do I Wanna Know?
82%
Fluorescent Adolescent
80%
Knee Socks
80%
Mardy Bum
80%
I Wanna Be Yours
78%
Teddy Picker
78%
Cornerstone
76%
Why'd You Only Call Me When You're High?
76%
Arabella
75%
R U Mine?
75%
Suck It and See
75%
The Car
73%
Crying Lightning
71%
Favourite Worst Nightmare Brianstorm
69%
Snap Out Of It
69%
Balaclava
67%
Dancing Shoes
65%
D Is for Dangerous
65%
Fake Tales of San Francisco
65%
From The Ritz To The Rubble
65%
Old Yellow Bricks
65%
Riot Van
65%
When The Sun Goes Down
65%
Body Paint
63%
Do Me a Favour
63%
I Bet That You Look Good on the Dancefloor
63%
Humbug My Propeller
63%
No. 1 Party Anthem
63%
Only Ones Who Know
63%
A Certain Romance
61%
Four Out Of Five
59%
Mad Sounds
59%
Tranquility Base Hotel & Casino
59%
Fireside
57%
Pretty Visitors
57%
The Bad Thing
57%
The Car There'd Better Be A Mirrorball
57%
Whatever People Say I Am, That's What I'm Not | Who The F*** Are Arctic Monkeys? EP The View From The Afternoon
57%
Who The Fuck Are Arctic Monkeys?
57%
One For The Road
55%
This House Is a Circus
55%
Perhaps Vampires Is a Bit Strong But...
53%
Black Treacle
51%
If You Were There, Beware
51%
No Buses
51%
Secret Door
51%
Suck It and See She's Thunderstorms
51%
Still Take You Home
51%
Baby I'm Yours
49%
Dangerous Animals
49%
Love is a Laserquest
49%
Potion Approaching
49%
Red Light Indicates Doors Are Secured
49%
Don't Sit Down 'Cause I've Moved Your Chair
47%
Fire And The Thud
47%
I Want It All
47%
Sculptures Of Anything Goes
47%
Tranquility Base Hotel & Casino Star Treatment
47%
The Jeweller's Hands
47%
The Ultracheese
47%
Cigarette Smoker Fiona
45%
Dance Little Liar
45%
That's Where You're Wrong
43%
singles/other Bigger Boys and Stolen Sweethearts
41%
Brick By Brick
41%
Library Pictures
41%
Mr. Schwartz
41%
One Point Perspective
41%
Stop The World I Wanna Get Off With You
41%
Jet Skis On The Moat
39%
Piledriver Waltz
39%
Reckless Serenade
39%
American Sports
37%
You Probably Couldn't See For The Lights But You Were Staring Straight At Me
37%
You're So Dark
37%
All My Own Stunts
35%
Hello You
35%
Perfect Sense
35%
The Hellcat Spangled Shalalala
35%
I Ain't Quite Where I Think I Am
33%
Leave Before The Lights Come On
33%
Science Fiction
33%
Too Much To Ask
33%
7
31%
Despair In The Departure Lounge
31%
Golden Trunks
31%
The World's First Ever Monster Truck Front Flip
31%
Batphone
29%
Big Ideas
29%
Evil Twin
29%
The Bakery
29%
2013
27%
Red Right Hand
27%
She Looks Like Fun
27%
Catapult
25%
Electricity
25%
Matador
25%
Nettles
25%
Sketchead
25%
Anyways
24%
Da Frame 2R
24%
Plastic Tramp
24%
Bad Woman
22%
Fright Lined Dining Room
22%
I.D.S.T.
22%
Settle For A Draw
22%
Stickin To The Floor
22%
Temptation Greets You Like Your Naughty Friend
22%
The Death Ramps
22%
What If You Were Right The First Time?
22%
The Blond-O-Sonic Shimmer Trap
20%
Joining The Dots
18%
Put Your Dukes Up John
18%
The Afternoon's Hat
18%
Don't Forget Whose Legs You're On
16%
If You Found This It's Probably Too Late
16%
I Haven't Got My Strange
16%
You and I
16%
Little Illusion Machine (Wirral Riddler)
12%
Chun Li Flying Bird Kick
10%
No matching quizzes found
Score Distribution
Percent of People with Each Score
Percentile by Number Answered
Your Score History
You have not taken this quiz